Movimientos antisistémicos / (Record no. 121682)

MARC details
000 -CABECERA
campo de control de longitud fija 00883nam a2200265 a 4500
005 - FECHA Y HORA DE LA ÚLTIMA TRANSACCIÓN
campo de control 20240911064156.0
008 - ELEMENTOS DE LONGITUD FIJA--INFORMACIÓN GENERAL
campo de control de longitud fija 070226s1999 mx r 000 0 spa d
020 ## - NÚMERO INTERNACIONAL NORMALIZADO PARA LIBROS
Número Internacional Estándar del Libro 8446011840
035 ## - NÚMERO DE CONTROL DEL SISTEMA
Número de control de sistema UPN01000149541
049 ## - COLECCIÓN
Colección CG
050 #4 - SIGNATURA TOPOGRÁFICA DE LA BIBLIOTECA DEL CONGRESO
Número de clasificación HM881
Número de documento/Ítem A7.5
100 1# - ASIENTO PRINCIPAL--NOMBRE PERSONAL
Nombre de persona Arrighi, Giovanni
245 10 - MENCIÓN DE TÍTULO
Título Movimientos antisistémicos /
Mención de responsabilidad, etc. Giovanni Arrighi, Terence K. Hopkins, Immanuel Wallerstein ; tr. Carlos Prieto del Campo.
260 ## - PUBLICACIÓN, DISTRIBUCIÓN, ETC.
Lugar de publicación, distribución, etc. Madrid :
Nombre del editor, distribuidor, etc. Akal,
Fecha de publicación, distribución, etc. 1999.
300 ## - DESCRIPCIÓN FÍSICA
Extensión 125 p. :
Otras características físicas tablas
440 #0 - MENCIÓN DE SERIE/ASIENTO SECUNDARIO--TÍTULO
Título Cuestiones de antagonismo ;
Designación de volumen o secuencia 1
534 ## - NOTA SOBRE LA VERSIÓN ORIGINAL
Frase introductoria Traducción de:
Mención de título del original Antisystemic movements
650 #2 - ASIENTO SECUNDARIO DE MATERIA - TERMINO TEMATICO
Término de materia o nombre geográfico como elemento de entrada Movimientos sociales
9 (RLIN) 13536
650 #4 - ASIENTO SECUNDARIO DE MATERIA - TERMINO TEMATICO
Término de materia o nombre geográfico como elemento de entrada Imperialismo
9 (RLIN) 9887
650 #4 - ASIENTO SECUNDARIO DE MATERIA - TERMINO TEMATICO
Término de materia o nombre geográfico como elemento de entrada CULTURA -
Subdivisión general ASPECTOS SOCIALES
9 (RLIN) 6808
650 #4 - ASIENTO SECUNDARIO DE MATERIA - TERMINO TEMATICO
Término de materia o nombre geográfico como elemento de entrada Capitalismo
9 (RLIN) 6436
700 1# - ASIENTO SECUNDARIO--NOMBRE DE PERSONAL
Nombre de persona Hopkins, Terence K.,
Término indicativo de función/relación coaut.
700 1# - ASIENTO SECUNDARIO--NOMBRE DE PERSONAL
Nombre de persona Wallerstein, Immanuel Maurice,
Fechas asociadas al nombre 1930-
Término indicativo de función/relación coaut.
905 ## - TIPO DE MATERIAL
Tipo de material Libro
Holdings
Estado de retiro Estado de pérdida Fuente del sistema de clasificación o colocación Estado dañado No para préstamo Código de colección Localización permanente Ubicación/localización actual Ubicación en estantería Total de préstamos Clasificación Código de barras Fecha visto por última vez Fecha del último préstamo Número de copia Tipo de ítem Koha
    Library of Congress Classification     Colección General Bib. Gregorio Torres Quintero Bib. Gregorio Torres Quintero Planta baja 6 HM881 A7.5 241433 04/06/2025 23/05/2025 1 Libro